[Event "AUTO-ADV-475"]
[Site "http://www.queenalice.com/game.php?id=202811"]
[Date "2007.4.26"]
[Round "1"]
[White "REUSKING"]
[Black "Brasil"]
[Result "1-0"]
[WhiteElo "1859"]
[BlackElo "1660"]

1. e4 e5 2. Nf3 Nc6 3. d4 Bd6 4. d5 Nce7 5. c4 Bc5 6. Nxe5 Ng6 7. Nd3 b6 8. Nxc5
bxc5 9. Bd3 N6e7 10. Be3 d6 11. Nd2 Nf6 12. O-O O-O 13. Nf3 h6 14. e5 dxe5 15.
Nxe5 Nd7 16. Nxd7 Qxd7 17. Bxc5 Re8 18. Re1 c6 19. Bxe7 Rxe7 20. Rxe7 Qxe7 21.
dxc6 Rb8 22. b3 Qc7 23. Qf3 Rb6 24. Re1 Rxc6 25. Re8# 1-0

[Event "AUTO-ADV-475"]
[Site "http://www.queenalice.com/game.php?id=202812"]
[Date "2007.4.26"]
[Round "1"]
[White "Brasil"]
[Black "REUSKING"]
[Result "0-1"]
[WhiteElo "1354"]
[BlackElo "1930"]

1. e4 e5 2. Nf3 Nf6 3. Nc3 Nc6 4. Ng5 h6 5. Nf3 Bc5 6. h3 O-O 7. Bc4 d6 8. a3 a6
9. a4 Nd4 10. b3 Be6 11. d3 Bxc4 12. bxc4 Qd7 13. Nd5 Nxd5 14. cxd5 Nxf3+ 15.
gxf3 f5 16. c3 fxe4 17. dxe4 Qf7 18. Rb1 Qxf3 19. Qxf3 Rxf3 20. Rxb7 Rxf2 21.
Rxc7 Raf8 22. Rg1 R2f7 23. Bxh6 Bxg1 24. Rxf7 Rxf7 25. Bg5 Bc5 0-1

[Event "AUTO-ADV-475"]
[Site "http://www.queenalice.com/game.php?id=202821"]
[Date "2007.4.26"]
[Round "1"]
[White "Brasil"]
[Black "altair"]
[Result "0-1"]
[WhiteElo "1325"]
[BlackElo "1632"]

1. e4 e5 2. Nf3 d6 3. Nc3 a6 4. d4 Bg4 5. dxe5 Bxf3 6. Qxf3 dxe5 7. Bc4 Nf6 8.
g4 b5 9. Bd3 Bb4 10. g5 Nfd7 11. a3 Bxc3+ 12. bxc3 g6 13. a4 c6 14. Bb2 Nc5 15.
axb5 cxb5 16. c4 Qxg5 17. Ba3 Nbd7 18. h4 Qe7 19. O-O-O Rc8 20. cxb5 Nb3+ 21.
Kb2 Nbc5 22. bxa6 Rb8+ 0-1

[Event "AUTO-ADV-475"]
[Site "http://www.queenalice.com/game.php?id=202822"]
[Date "2007.4.26"]
[Round "1"]
[White "altair"]
[Black "Brasil"]
[Result "1-0"]
[WhiteElo "1636"]
[BlackElo "1321"]

1. e4 e5 2. Nf3 Nc6 3. Bb5 Nf6 4. d3 d5 5. Nxe5 a6 6. Bxc6+ bxc6 7. Nxc6 Qd6 8.
Nd4 dxe4 9. dxe4 Nxe4 10. O-O Bb7 11. Re1 O-O-O 12. Be3 Qd5 13. f3 Nf6 14. Nc3
Qa5 15. Qe2 h6 16. a3 c5 17. Qc4 Bd5 18. Nb3 Bxc4 19. Nxa5 Be6 20. Nc6 Rd7 21.
Na4 Rb7 22. c3 Nd7 23. b4 1-0

[Event "Let's Play Chess!"]
[Site "http://www.queenalice.com/game.php?id=202984"]
[Date "2007.4.27"]
[Round "-"]
[White "Brasil"]
[Black "tempii"]
[Result "0-1"]
[WhiteElo "1708"]
[BlackElo "1860"]

1. e4 c5 2. Nc3 Nc6 3. Nf3 d6 4. d4 cxd4 5. Nxd4 Nf6 6. Nf3 g6 7. Bc4 Bg7 8. Ng5
e6 9. e5 Nxe5 10. Bb5+ Nc6 11. Qe2 O-O 12. Nf3 a6 13. Bd3 b5 14. a3 b4 15. axb4
Nxb4 16. O-O Bb7 17. b3 Nxd3 18. Qxd3 Bxf3 19. gxf3 Nd5 20. Bb2 Nf4 21. Qd1 Qg5+
0-1

[Event "AUTO-INT-433"]
[Site "http://www.queenalice.com/game.php?id=203001"]
[Date "2007.4.27"]
[Round "1"]
[White "sergio2011"]
[Black "Brasil"]
[Result "1-0"]
[WhiteElo "1449"]
[BlackElo "1438"]

1. e4 e5 2. Nf3 Nc6 3. Bb5 Nf6 4. Bxc6 bxc6 5. Nxe5 Nxe4 6. O-O f6 7. Qh5+ Ke7
8. Qf7+ Kd6 9. Nc4+ Kc5 10. d4+ Kxd4 11. Rd1+ Kc5 12. b4+ 1-0

[Event "AUTO-INT-433"]
[Site "http://www.queenalice.com/game.php?id=203002"]
[Date "2007.4.27"]
[Round "1"]
[White "Brasil"]
[Black "sergio2011"]
[Result "0-1"]
[WhiteElo "1458"]
[BlackElo "1432"]

1. e4 e5 2. Nf3 Nf6 3. Nc3 Bb4 4. a3 Bxc3 5. bxc3 d6 6. d4 O-O 7. Bd3 Nc6 8. O-O
Bg4 9. h3 Bxf3 10. Qxf3 exd4 11. cxd4 Nxd4 0-1

[Event "AUTO-INT-433"]
[Site "http://www.queenalice.com/game.php?id=203019"]
[Date "2007.4.27"]
[Round "1"]
[White "Brasil"]
[Black "Milton"]
[Result "0-1"]
[WhiteElo "1377"]
[BlackElo "1488"]

1. e4 e5 2. Nf3 Nc6 3. Nc3 Bc5 4. Bc4 d6 5. Ng5 Qxg5 6. d4 Qxg2 7. Rf1 Nxd4 8.
Be2 Qxh2 9. a3 Bh3 10. f3 Bxf1 11. Kxf1 Nxc2 12. Qe1 Nxe1 13. Kxe1 Qf2+ 14. Kd2
a5 15. Nb5 O-O-O 16. b4 axb4 0-1

[Event "AUTO-INT-433"]
[Site "http://www.queenalice.com/game.php?id=203020"]
[Date "2007.4.27"]
[Round "1"]
[White "Milton"]
[Black "Brasil"]
[Result "1-0"]
[WhiteElo "1500"]
[BlackElo "1365"]

1. e4 e5 2. Nf3 Nc6 3. Nc3 Nf6 4. d4 exd4 5. Nxd4 Bc5 6. Bc4 Bxd4 7. Bb5 Ng4 8.
Qxg4 d5 9. Qg3 g6 10. Nxd5 Kd7 11. Bf4 Re8 12. Bxc7 Qxc7 13. Nxc7 Bxb2 14. Rd1+
Ke7 15. Nxa8 a6 16. Qc7+ Kf8 17. O-O Bd4 18. Bxc6 1-0

[Event "AUTO-INT-433"]
[Site "http://www.queenalice.com/game.php?id=203021"]
[Date "2007.4.27"]
[Round "1"]
[White "Brasil"]
[Black "Nakgada"]
[Result "0-1"]
[WhiteElo "1465"]
[BlackElo "1717"]

1. e4 e5 2. Nf3 d6 3. d4 exd4 4. Qxd4 Nc6 5. Qd1 f5 6. exf5 Bxf5 7. a3 Qe7+ 8.
Be2 O-O-O 9. Nc3 Nf6 10. O-O Qf7 11. Ng5 Qg6 12. Bd3 Bxd3 13. cxd3 h6 14. Ne6
Re8 15. Re1 Ne5 16. d4 Rxe6 17. dxe5 dxe5 0-1

[Event "AUTO-INT-433"]
[Site "http://www.queenalice.com/game.php?id=203022"]
[Date "2007.4.27"]
[Round "1"]
[White "Nakgada"]
[Black "Brasil"]
[Result "1-0"]
[WhiteElo "1711"]
[BlackElo "1473"]

1. d4 c5 2. dxc5 Qa5+ 3. Bd2 Qxc5 4. e3 e5 5. Nf3 Nc6 6. Be2 e4 7. Ng1 Nf6 8. f3
d5 9. fxe4 dxe4 10. b3 a5 11. Bc4 b5 12. Be2 Nb4 13. Bxb4 axb4 14. a4 Qxe3 15.
Qd2 Qc5 16. Bxb5+ Nd7 17. Nh3 e3 18. Qd3 1-0

[Event "AUTO-OPEN-639"]
[Site "http://www.queenalice.com/game.php?id=203143"]
[Date "2007.4.27"]
[Round "1"]
[White "Gambitshark"]
[Black "Brasil"]
[Result "1-0"]
[WhiteElo "2447"]
[BlackElo "1473"]

1. e4 e5 2. f4 exf4 3. Nf3 Nc6 4. d4 d5 5. exd5 Qe7+ 6. Kf2 Nf6 7. dxc6 bxc6 8.
Ne5 Ne4+ 9. Kf3 Ng5+ 10. Kxf4 Qf6+ 11. Ke3 c5 12. Bb5+ Kd8 13. dxc5+ Bd6 14.
Nc6+ Kd7 15. cxd6 Re8+ 16. Ne7+ Kd8 17. Qd4 Qe6+ 18. Kd3 Rxe7 19. dxe7+ Kxe7 20.
Bxg5+ f6 21. Nc3 c6 22. Rae1 Qxe1 23. Rxe1+ Be6 24. Bc4 1-0

[Event "AUTO-OPEN-639"]
[Site "http://www.queenalice.com/game.php?id=203144"]
[Date "2007.4.27"]
[Round "1"]
[White "Brasil"]
[Black "Gambitshark"]
[Result "0-1"]
[WhiteElo "1649"]
[BlackElo "2432"]

1. e4 e5 2. Nf3 Nc6 3. d4 exd4 4. Nxd4 Nf6 5. Nc3 Bb4 6. a3 Bxc3+ 7. bxc3 Nxe4
8. Bb2 O-O 9. f3 Qh4+ 10. Ke2 Qf2+ 11. Kd3 d5 12. fxe4 Ne5# 0-1

[Event "AUTO-OPEN-639"]
[Site "http://www.queenalice.com/game.php?id=203173"]
[Date "2007.4.27"]
[Round "1"]
[White "Brasil"]
[Black "IkeBroflovski"]
[Result "1-0"]
[WhiteElo "1623"]
[BlackElo "1594"]

1. e4 e6 2. d4 d5 3. Nc3 Nf6 4. e5 Ne4 5. f3 Nxc3 6. bxc3 c5 7. f4 Nc6 8. Nf3
Qa5 9. Bd2 Qa3 10. Bd3 cxd4 11. cxd4 Bb4 12. O-O Bxd2 13. Qxd2 Bd7 14. Rfb1 b6
15. h3 h5 16. Rb3 Qe7 17. Ng5 g6 18. f5 gxf5 19. h4 1-0

[Event "AUTO-OPEN-639"]
[Site "http://www.queenalice.com/game.php?id=203174"]
[Date "2007.4.27"]
[Round "1"]
[White "IkeBroflovski"]
[Black "Brasil"]
[Result "1-0"]
[WhiteElo "1576"]
[BlackElo "1514"]

1. Nf3 d5 2. d4 c5 3. e3 cxd4 4. exd4 Nc6 5. c4 Nf6 6. cxd5 Qxd5 7. Nc3 Qa5 8.
Bd3 g6 9. O-O e5 10. dxe5 Nxe5 11. Nxe5 Qxe5 12. Re1 Qxe1+ 13. Qxe1+ Be7 14. Bg5
O-O 15. Qxe7 Nd7 16. Nd5 f6 17. Nxf6+ Nxf6 18. Bxf6 Bf5 19. Qg7# 1-0

[Event "AUTO-ADV-476"]
[Site "http://www.queenalice.com/game.php?id=203518"]
[Date "2007.4.28"]
[Round "1"]
[White "Brasil"]
[Black "IkeBroflovski"]
[Result "0-1"]
[WhiteElo "1400"]
[BlackElo "1687"]

1. e4 e6 2. e5 d6 3. Nf3 Nc6 4. d4 dxe5 5. Be3 exd4 6. Bxd4 Nxd4 7. Nxd4 Nf6 8.
Nc3 Bc5 9. Nf3 Qxd1+ 10. Kxd1 Bxf2 11. h4 h6 12. Ke2 Bb6 13. Rd1 Bd7 14. Ne5 Rd8
15. g3 O-O 16. g4 Nd5 17. Nxd5 exd5 18. Kd3 c6 19. a4 Bc7 20. Re1 Bxe5 21. Rxe5
Bxg4 22. Rg1 h5 0-1

[Event "AUTO-ADV-476"]
[Site "http://www.queenalice.com/game.php?id=203520"]
[Date "2007.4.28"]
[Round "1"]
[White "Brasil"]
[Black "Viper_SB"]
[Result "0-1"]
[WhiteElo "1482"]
[BlackElo "1720"]

1. e4 e5 2. Nf3 d6 3. Nc3 Be7 4. Bc4 c6 5. d4 Nf6 6. dxe5 dxe5 7. Bd2 O-O 8.
Nxe5 Be6 9. b3 Bxc4 10. bxc4 Nbd7 11. Nf3 Nc5 0-1

[Event "AUTO-ADV-476"]
[Site "http://www.queenalice.com/game.php?id=203521"]
[Date "2007.4.28"]
[Round "1"]
[White "Viper_SB"]
[Black "Brasil"]
[Result "1-0"]
[WhiteElo "1713"]
[BlackElo "1493"]

1. d4 c5 2. dxc5 Qa5+ 3. Bd2 Qxc5 4. Nf3 e5 5. e4 Nf6 6. Bd3 Bd6 7. O-O Ng4 8.
Nh4 g6 9. Qxg4 Nc6 10. Bh6 b5 11. Nf5 1-0